ბათუმის შოთა რუსთაველის სახელმწიფო უნივერსიტეტის ბიბლიოთეკა

Begegnungen. Integriertes Kurs- und Arbeitsbuch fur fremdsprache deutsch. A1+ (ბიბ.ჩანაწერი № 54654)

000 -LEADER
fixed length control field 00681nam a2200229Ia 4500
001 - CONTROL NUMBER
control field 21721
003 - CONTROL NUMBER IDENTIFIER
control field GE_BSU
008 - FIXED-LENGTH DATA ELEMENTS--GENERAL INFORMATION
fixed length control field 181216s||||||||xx |||||||||||||| ||und||
040 ## - CATALOGING SOURCE
Transcribing agency GE_BSU
080 ## - UNIVERSAL DECIMAL CLASSIFICATION NUMBER
Universal Decimal Classification number 811.112
100 ## - MAIN ENTRY--PERSONAL NAME
Personal name Buscha, Anne. Szita,Szilvia
245 ## - TITLE STATEMENT
Title Begegnungen. Integriertes Kurs- und Arbeitsbuch fur fremdsprache deutsch. A1+
245 ## - TITLE STATEMENT
Remainder of title Integriertes Kurs-und Arbeitsbuch
260 ## - PUBLICATION, DISTRIBUTION, ETC.
Place of publication, distribution, etc. Leipzig
260 ## - PUBLICATION, DISTRIBUTION, ETC.
Name of publisher, distributor, etc. Schubert-Verlag
260 ## - PUBLICATION, DISTRIBUTION, ETC.
Date of publication, distribution, etc. 2006
300 ## - PHYSICAL DESCRIPTION
Extent 238 p. 30 cm.
653 ## - INDEX TERM--UNCONTROLLED
Uncontrolled term Begegnungen.Integriertes Kurs-und Arbeitsbuch fur fremdsprache deutsch.
653 ## - INDEX TERM--UNCONTROLLED
Uncontrolled term Integriertes Kurs-und Arbeitsbuch A1+
942 ## - ADDED ENTRY ELEMENTS (KOHA)
Koha item type წიგნი
ეგზემპლარები
Withdrawn status Lost status Damaged status Not for loan Date acquired Barcode Date last seen Price effective from Koha item type Public note
        2018-12-17 00490 2018-12-17 2018-12-17 წიგნი ქსეროქსი